000 00658nam a2200241Ia 4500
003 OSt
005 20220925203854.0
006 a|||||r|||| 00| 0
007 ta
008 220923b |||||||| |||| 00| 0 eng d
037 _cGeneral Book
040 _aRTL
_cRTL
_beng
041 _2eng
_aeng
082 _aB7:3, K7
100 _aWilde Douglass J
_937101
245 0 _aFoundations of optimization
260 _aEnglewood
_b#NAME?
_c1967
300 _axiv,480p.
_ccm.
650 _aOptimization
700 _a Beightler Charles S
_9267202
942 _hB7:3, K7
_cGB
_2CC
999 _c547978
_d547978